DARUL-O-ALOOM DAIBAD, MUSLIM EDUCATION IN BRITISH INDIA A CRITICAL REVIEW (Record no. 574984)

000 -LEADER
fixed length control field 00307nam a22001097a 4500
082 ## - DEWEY DECIMAL CLASSIFICATION NUMBER
Classification number 297 JAL'D
100 ## - MAIN ENTRY--PERSONAL NAME
Personal name JALANDARI, RASHID AHMED DR
9 (RLIN) 67141
245 ## - TITLE STATEMENT
Title DARUL-O-ALOOM DAIBAD, MUSLIM EDUCATION IN BRITISH INDIA A CRITICAL REVIEW
250 ## - EDITION STATEMENT
Edition statement VOL-1
260 ## - PUBLICATION, DISTRIBUTION, ETC.
Place of publication, distribution, etc. ISLAMAMBAD
Name of publisher, distributor, etc. NATIONAL
Date of publication, distribution, etc. 1989
942 ## - ADDED ENTRY ELEMENTS (KOHA)
Koha item type Book
Holdings
Withdrawn status Lost status Damaged status Not for loan Permanent Location Current Location Shelving location Date acquired Total Checkouts Full call number Barcode Date last seen Price effective from Koha item type
        College of Electrical & Mechanical Engineering (CEME) College of Electrical & Mechanical Engineering (CEME) General Stacks 08/01/2017   297 JAL'D CEME-27465 06/28/2021 06/28/2021 Book
© 2023 Central Library, National University of Sciences and Technology. All Rights Reserved.